Central Library OPAC University of Rajshahi

A defense of Edgar Allan Poe ; (Record no. 17074)

MARC details
000 -LEADER
fixed length control field 00884nam a2200253 4500
001 - CONTROL NUMBER
control field 17074
003 - CONTROL NUMBER IDENTIFIER
rucl marc code BD-RjUL
005 - DATE AND TIME OF LATEST TRANSACTION
control field 20211209000102.0
008 - FIXED-LENGTH DATA ELEMENTS--GENERAL INFORMATION
fixed length control field 140216r 1966 nyua 000 0beng
020 ## - INTERNATIONAL STANDARD BOOK NUMBER
International Standard Book Number 0404043992
035 ## - SYSTEM CONTROL NUMBER
System control number (BD-RjUL)17131
040 ## - CATALOGING SOURCE
Original cataloging agency DLC
Transcribing agency DLC
Modifying agency BD-RjUL
Language of cataloging eng
041 ## - LANGUAGE CODE
Language code of text/sound track or separate title eng
082 00 - DEWEY DECIMAL CLASSIFICATION NUMBER
Classification number 818.309
Edition number MOD 1966
100 1# - MAIN ENTRY--PERSONAL NAME
Personal name Moran, John J.
9 (RLIN) 52668
245 12 - TITLE STATEMENT
Title A defense of Edgar Allan Poe ;
Remainder of title Life, character and dying declarations of the poet. An official account of his death /
Statement of responsibility, etc. by his attending physician, John J. Moran. Washington, W. F. Boogher, 1885.
260 ## - PUBLICATION, DISTRIBUTION, ETC. (IMPRINT)
Place of publication, distribution, etc. New York :
Name of publisher, distributor, etc. AMS Press ,
Date of publication, distribution, etc. 1966.
300 ## - PHYSICAL DESCRIPTION
Pagination 87 p. :
Illustrations illus. ;
Size 23 cm.
600 10 - SUBJECT ADDED ENTRY--PERSONAL NAME
Personal name Poe, Edgar Allan,
Dates associated with a name 1809-1849
General subdivision Death and burial.
650 #0 - SUBJECT ADDED ENTRY--TOPICAL TERM
Topical term or geographic name as entry element Authors, American
Chronological subdivision 19th century
General subdivision Death.
9 (RLIN) 52670
942 ## - ADDED ENTRY ELEMENTS (KOHA)
Source of classification or shelving scheme Dewey Decimal Classification
Koha item type Books
Holdings
Lost status Source of classification or shelving scheme Damaged status Not for loan Collection code Permanent Location Current Location Shelving location Date acquired Source of acquisition Cost, normal purchase price Total Checkouts Full call number Date last seen Copy number Koha item type
  Dewey Decimal Classification   Not For Loan Non-fiction Central Library, University of Rajshahi Central Library, University of Rajshahi Reading Room 21/01/1971 Zeittinger 0.00   818.309 MOD 1966 16/02/2014 C-1 Books